000 00634nam a2200229Ia 4500
005 20241129110013.0
008 241129s9999||||xx |||||||||||||| ||und||
020 _a978-1-3501-0490-1
037 _aTB
040 _aARTS
_beng
_cARTS
041 _aeng
_2eng
084 _aR R2
_qARTS
100 _aGaiger Jason Au.
_9726813
245 0 _aPhilosophy of painting: ancient, modern, contemporary
_cGaiger Jason Au.
260 _aUK
_bBloomsbury Academic
_c2022
300 _aviii,219p.
365 _aUKP
_b21.99
490 _aBloomsbury aesthetics
650 _aPhilosophy
942 _cTB
_hR R2
999 _c1226947
_d1226947